| 000 | 00913nam a22002175i 4500 | ||
|---|---|---|---|
| 001 | 152300 | ||
| 003 | ES-MaACL | ||
| 005 | 20250725063211.0 | ||
| 008 | 050801s1741 fr a | |||||||| ||fre d | ||
| 040 |
_aCAM _bspa _cCAM |
||
| 100 | 1 |
_aBoileau Despréaux, Nicolas, _d1636-1711 _929846 |
|
| 245 | 1 | 0 |
_aSatires et oeuvres diverses de M. Boileau Despreaux _b: ; avec les Passages des Pöetes Latins, imitez par l'Auteur. |
| 250 | _aNouvelle edition, augmentée de plusieurs piéces... | ||
| 260 |
_aA Amsterdam : _bchez Henry Schelte, _c1741. |
||
| 300 |
_aXXXI, [17], 480 p., [1] h. de grab. ; _c12º. |
||
| 597 | _aSign.: a-b12, A-V12. | ||
| 597 | _aPort. a dos tintas con viñeta calc. | ||
| 599 | _aLa h. de grab. calc. retrato de Boileau. | ||
| 852 |
_aES-MaACL _jR-992 _z-- Enc. piel _z-- Dedic. ms. de Paule Vanels a Eugene Desaurieres, 1813 _x-- Olim: G-8842 |
||
| 999 |
_c152300 _d152300 |
||